El Salvador, 1932 : los sucesos políticos /
Relato histórico que narra los hechos y los antecedentes sociales, políticos y económicos que dieron lugar al levantamiento social de 1932 en El Salvador. También se incluyen dos textos de producción posterior al de Anderson que complementan la obra que fueron publicados en distintos medios.
Gorde:
| Egile nagusia: | |
|---|---|
| Beste egile batzuk: | , |
| Formatua: | Liburua |
| Hizkuntza: | gaztelania |
| Argitaratua: |
San Salvador, El Salvador :
Consejo Nacional para la Cultura y el Arte,
2001, c2001
|
| Edizioa: | 3a edición |
| Saila: | (Biblioteca de Historia Salvadoreña ;
10) |
| Gaiak: | |
| Etiketak: |
Etiketarik gabe, Izan zaitez lehena erregistro honi etiketa jartzen!
|
MARC
| LEADER | 00000nam^a2200000^a^4500 | ||
|---|---|---|---|
| 001 | 000357732 | ||
| 005 | 20250623000000.0 | ||
| 009 | 20260310115309.66 | ||
| 020 | |a 99923-0-059-0 | ||
| 020 | |a 99923-0-049-3 | ||
| 037 | |a Acervo ITESO - Biblioteca | ||
| 041 | |a ESP | ||
| 082 | |a 972. 84052 |b AND | ||
| 100 | |a Anderson, Thomas R. |e (autor) | ||
| 245 | 1 | 3 | |a El Salvador, 1932 : |b los sucesos políticos / |c T.R. Anderson, H. Pérez Brignoli, E. Ching ; introd. de Knut Walter ; presen. de Gilberto Aguilar Avilés ; tr. de Juan Mario Castellanos. |
| 250 | |a 3a edición | ||
| 264 | 4 | |a San Salvador, El Salvador : |b Consejo Nacional para la Cultura y el Arte, |c 2001, c2001 | |
| 300 | |a 296 p. | ||
| 336 | |a texto |b txt |2 rdacontenido | ||
| 337 | |a sin mediación |b n |2 rdamedio | ||
| 338 | |a volumen |b nc |2 rdasoporte | ||
| 440 | 1 | |a (Biblioteca de Historia Salvadoreña ; |v 10) | |
| 500 | |a Traducción de: Matanza: El Salvador's Communist Revolt of 1932 | ||
| 520 | |a Relato histórico que narra los hechos y los antecedentes sociales, políticos y económicos que dieron lugar al levantamiento social de 1932 en El Salvador. También se incluyen dos textos de producción posterior al de Anderson que complementan la obra que fueron publicados en distintos medios. | ||
| 649 | |a XX | ||
| 650 | |a Represión - |z El Salvador - |x Historia | ||
| 650 | |a Violencia Política - |z El Salvador - |x Historia | ||
| 650 | |a Memoria Social - |z El Salvador - |x Historia | ||
| 650 | |a Política Agraria - |z El Salvador - |x Historia | ||
| 650 | |a Política Laboral - |z El Salvador - |x Historia | ||
| 650 | |a Política Social - |z El Salvador - |x Historia | ||
| 650 | |a Política Económica - |z El Salvador - |x Historia | ||
| 650 | |a Política - |z El Salvador - |x Historia - |y 1931-1945 | ||
| 650 | |a El Salvador - |x Historia - |y 1931-1945 - |x Tema Principal | ||
| 650 | |a El Salvador - |x Historia - |y Siglo XX | ||
| 740 | 3 | |a La rebelión campesina de 1932 en El Salvador / H. Pérez Brignoli. | |
| 740 | 4 | |a Los archivos de Moscú y una nueva interpretación de la insurrección del 32 / Erick Ching. | |
| 700 | |a Pérez Brignoli, Héctor |e (autor) | ||
| 700 | |a Ching, Erick |e (autor) | ||
| 910 | |a Fondo General | ||
| 920 | |a Impresos - Libros | ||
| 930 | |a Colección General | ||
| 905 | |a 101 | ||
| 901 | |a 0500250631 |b IT1 |c ACC |d DT |i D64782 |u 20250623 | ||
| 902 | |a https://opac.biblio.iteso.mx/vufind/Record/000357732 | ||